000 00436nam a2200169Ia 4500
005 20240726070608.0
008 240331s9999 xx 000 0 und d
082 _a294.3
_bNAR
100 _aNarada thera,
245 4 _aThe Buddha-Dhamma :
_bthe life Teachings of the Buddha
260 _aNew Delhi
_bAsian Educational Services
_c1991
300 _avi, 337 p .,
650 _aBuddhism
650 _aRituals
650 _aLaw
942 _cL
999 _c923
_d923